[Event "Mistrzostwa Polski Juniorow do lat 18 - Chlopcy"]
[Site "Szklarska Poreba"]
[Date "1899-12-30"]
[Round "2.5"]
[White "Pacan-milej, Kosma"]
[Black "Rogala, Milosz"]
[Result "1-0"]
[WhiteTitle "FM"]
[BlackTitle "I"]
[WhiteElo "2333"]
[BlackElo "1843"]

1. d4 d5 2. c4 c6 3. Nf3 Nf6 4. e3 e6 5. Bd3 Nbd7 6. b3 Bd6 7. Bb2 a6 8. Nbd2 b5
9. O-O O-O 10. Qc2 Bb7 11. c5 Be7 12. Ne5 Re8 13. f4 Nf8 14. Rf3 N6d7 15. Rh3
f5 16. Kh1 Nf6 17. Rg1 N8d7 18. Ndf3 Ne4 19. g4 Bf6 20. Qg2 Qe7 21. Nxd7 Qxd7
22. g5 Bd8 23. Ne5 Qe7 24. Bxe4 fxe4 25. g6 h6 26. Bc3 Qc7 27. Be1 Bc8 28. Bh4
Bxh4 29. Rxh4 Re7 30. Qh3 Ra7 31. Nf7 Kf8 32. Rxh6 1-0

[Event "Mistrzostwa Polski Juniorow do lat 18 - Chlopcy"]
[Site "Szklarska Poreba"]
[Date "1899-12-30"]
[Round "2.6"]
[White "Bojczewski, Mateusz"]
[Black "Kokoszczynski, Jan"]
[Result "0-1"]
[WhiteTitle "I+"]
[BlackTitle "FM"]
[WhiteElo "1788"]
[BlackElo "2314"]

1. e4 c5 2. Nf3 d6 3. d4 cxd4 4. Nxd4 Nf6 5. Nc3 a6 6. f3 e5 7. Nb3 Be6 8. Be3
Nbd7 9. Be2 Be7 10. O-O O-O 11. Qe1 b5 12. a3 Nb6 13. Bxb6 Qxb6+ 14. Qf2 Qc7 15.
Rad1 Rfd8 16. Kh1 Rac8 17. Rd2 d5 18. exd5 Nxd5 19. Nxd5 Rxd5 20. Bd3 Rcd8 21.
Rfd1 Bg5 22. Be4 Bxd2 23. Bxd5 Bh6 24. Qc5 Qxc5 0-1

[Event "Mistrzostwa Polski Juniorow do lat 18 - Chlopcy"]
[Site "Szklarska Poreba"]
[Date "1899-12-30"]
[Round "2.7"]
[White "Szpar, Milosz"]
[Black "Maciejewski, Kamil"]
[Result "1-0"]
[WhiteTitle "FM"]
[BlackTitle "I++"]
[WhiteElo "2305"]
[BlackElo "1791"]

1. e4 e5 2. Nf3 Nc6 3. Bb5 a6 4. Ba4 Nf6 5. O-O Be7 6. Re1 b5 7. Bb3 d6 8. c3 O-O
9. h3 Nb8 10. d4 Nbd7 11. Nbd2 Bb7 12. Bc2 Re8 13. Nf1 Bf8 14. Ng3 g6 15. a4 Nb6
16. Bg5 exd4 17. a5 Nbd7 18. cxd4 h6 19. Bf4 c5 20. Qd2 Kh7 21. h4 cxd4 22. h5
Nc5 23. hxg6+ fxg6 24. Qxd4 Bg7 25. Qb4 Qd7 26. Rad1 Qg4 27. Bxd6 Ncxe4 28. Ne5
Qg5 29. Nxe4 Nxe4 30. Bxe4 Bxe5 31. Bxb7 Ra7 32. Rxe5 Rxe5 33. Bxe5 Rxb7 34. f4
Qg4 35. Rd8 g5 36. Qe4+ 1-0

[Event "Mistrzostwa Polski Juniorow do lat 18 - Chlopcy"]
[Site "Szklarska Poreba"]
[Date "1899-12-30"]
[Round "2.8"]
[White "Kosakowski, Jakub"]
[Black "Skowron, Mateusz"]
[Result "1-0"]
[WhiteTitle "FM"]
[BlackTitle "I"]
[WhiteElo "2413"]
[BlackElo "1729"]

1. e4 c6 2. d4 d5 3. e5 Bf5 4. h4 h6 5. g4 Bd7 6. Be3 e6 7. Nd2 Qc7 8. Nb3 c5 9.
dxc5 Qxe5 10. c3 Nc6 11. Nf3 Qc7 12. Nfd4 a6 13. Qe2 Nf6 14. Bg2 O-O-O 15. Nxc6
Bxc6 16. Rg1 Qh2 17. O-O-O Be7 18. f4 Qxh4 19. Bf3 Ne4 20. Na5 Bxc5 21. Nxc6 Bxe3+
22. Qxe3 bxc6 23. Bxe4 dxe4 24. Qb6 Rxd1+ 25. Rxd1 Rd8 26. Qxc6+ Kb8 27. Qb6+
Kc8 28. Qxa6+ Kb8 29. Qb6+ Kc8 30. Qc6+ Kb8 31. Rxd8+ Qxd8 32. Qxe4 Qb6 33. Qf3
Qa5 34. a3 Qb5 35. Qe4 Kc8 36. a4 Qf1+ 37. Kc2 Qf2+ 38. Kb3 Qb6+ 39. Ka2 Qc5 40.
f5 Qd5+ 41. Qxd5 exd5 42. Kb3 g6 43. fxg6 fxg6 44. Kc2 Kc7 45. Kd3 1-0

[Event "Mistrzostwa Polski Juniorow do lat 18 - Chlopcy"]
[Site "Szklarska Poreba"]
[Date "1899-12-30"]
[Round "2.9"]
[White "Majocha, Piotr"]
[Black "Kozak, Antoni"]
[Result "1-0"]
[WhiteTitle "I++"]
[BlackTitle "m"]
[WhiteElo "1890"]
[BlackElo "2372"]

1. d4 Nf6 2. c4 e6 3. Nf3 c5 4. d5 exd5 5. cxd5 d6 6. Nc3 g6 7. h3 Bg7 8. Bf4 O-O
9. e3 Qe7 10. Be2 Nbd7 11. O-O a6 12. a4 Ne8 13. Re1 Rb8 14. Qd2 b6 15. e4 Ne5
16. Bg3 Nxf3+ 17. Bxf3 Be5 18. Bxe5 dxe5 19. Be2 Nd6 20. Qe3 Qc7 21. Rec1 f5 22.
f3 c4 23. Nb1 fxe4 24. fxe4 Qc5 25. Qxc5 bxc5 26. Ra2 Nxe4 27. Rxc4 Ng3 28. Nc3
Rb4 29. Rxc5 h5 30. Rc6 Kg7 31. Ra1 Rxb2 32. Bd3 Bf5 33. Bxf5 Rxf5 34. Rc7+ Kh6
35. Kh2 h4 36. Rc4 Rf4 37. Rxf4 exf4 38. Ra2 Rb3 39. Rc2 Kg5 40. d6 Kf6 41. Rc1
Rb2 42. Nd5+ Ke6 43. Nxf4+ Kxd6 44. Nxg6 Nf5 45. Rf1 Ke6 46. Rf4 a5 47. Nxh4 Ne7
48. Nf3 Ra2 49. h4 Nd5 50. Re4+ Kf6 51. Kh3 Nc3 52. Rc4 Nxa4 53. g4 Ra3 54. g5+
Kf5 55. Kg3 Nc3 56. Rf4+ Kg6 57. Kg4 Nd5 58. Ne5+ Kg7 59. Rd4 Ne3+ 60. Kh5 Nf5
61. Rd7+ Kg8 62. Rf7 Ng3+ 63. Kg6 Rf3 64. Rxf3 Nf5 65. Rxf5 Kh8 66. Rf8# 1-0

[Event "Mistrzostwa Polski Juniorow do lat 18 - Chlopcy"]
[Site "Szklarska Poreba"]
[Date "1899-12-30"]
[Round "2.10"]
[White "Godzwon, Iwo"]
[Black "Kucharski, Bartlomiej"]
[Result "1-0"]
[WhiteTitle "FM"]
[BlackTitle "I++"]
[WhiteElo "2352"]
[BlackElo "2050"]

1. e4 e5 2. Nf3 Nf6 3. d4 Nxe4 4. Bd3 d5 5. Nxe5 Be7 6. O-O O-O 7. c4 Nf6 8. Nc3
c6 9. Qb3 Qb6 10. c5 Qxb3 11. axb3 Nbd7 12. Nf3 Re8 13. b4 Nf8 14. b5 Ne6 15.
bxc6 bxc6 16. Ra4 Bxc5 17. dxc5 Nxc5 18. Bc2 Nxa4 19. Bxa4 Bd7 20. Be3 Rab8 21.
b3 a6 22. Bd4 Rb7 23. Ne5 Rb4 24. Bc5 Rxa4 25. Nxd7 Rf4 26. Nxf6+ Rxf6 27. f3
Rfe6 28. Kf2 Rb8 29. b4 d4 30. Ne2 a5 31. Nxd4 Rg6 32. bxa5 Rb2+ 33. Ne2 Re6 34.
Re1 Ra2 35. Bb6 Kf8 36. Kf1 Ke8 37. Nc1 Rxe1+ 38. Kxe1 Ra3 39. Ke2 Kd7 40. Nd3
c5 41. Nxc5+ Kc6 42. Kf2 Ra2+ 43. Kg3 Ra3 44. Ne4 h6 45. Nf2 Kd6 46. Ng4 Kd5 47.
Ne3+ Ke6 48. h4 Ra4 49. Nc2 g6 50. Nd4+ Kd5 51. Ne2 Ra3 52. h5 gxh5 53. Nf4+ Ke5
54. Bc7+ Kf5 55. Nxh5 Ra2 56. Nf4 Ra3 57. Bb6 Ra2 58. Nd3 Ke6 59. a6 Kd6 60. a7
Ra1 61. Bd4 Ra2 62. Be3 h5 63. Nf4 Kc7 64. Nxh5 Kb7 65. Nf6 Ra6 66. Ne4 Rg6+ 67.
Kf4 Rxg2 68. Nd6+ Ka8 69. Nxf7 1-0

[Event "Mistrzostwa Polski Juniorow do lat 18 - Chlopcy"]
[Site "Szklarska Poreba"]
[Date "1899-12-30"]
[Round "2.11"]
[White "Galuszka, Tomasz"]
[Black "Zerebiec, Maurycy"]
[Result "1-0"]
[WhiteTitle "k+"]
[BlackTitle "I+"]
[WhiteElo "2221"]
[BlackElo "1982"]

1. e4 e6 2. d4 d5 3. Nd2 dxe4 4. Nxe4 Nd7 5. Nf3 Ngf6 6. Bd3 Be7 7. Qe2 Nxe4 8.
Bxe4 O-O 9. Bd2 Nf6 10. Bd3 b6 11. O-O-O Bb7 12. Kb1 Bxf3 13. Qxf3 Qd5 14. Qh3
Rad8 15. g4 Qxd4 16. g5 Qg4 17. Qg3 Bd6 18. f4 Qxg3 19. hxg3 Nd7 20. Bxh7+ Kh8
21. Rh2 g6 22. Bc3+ e5 23. Bxg6+ Kg7 24. Bf5 Nc5 25. Rh7+ Kg8 26. Rdh1 1-0

[Event "Mistrzostwa Polski Juniorow do lat 18 - Chlopcy"]
[Site "Szklarska Poreba"]
[Date "1899-12-30"]
[Round "2.12"]
[White "Lis, Mateusz"]
[Black "Golecki, Jan"]
[Result "1-0"]
[WhiteTitle "k"]
[BlackTitle "k"]
[WhiteElo "2036"]
[BlackElo "2172"]

1. e4 c5 2. Nf3 Nc6 3. d4 cxd4 4. Nxd4 Nf6 5. Nc3 e5 6. Ndb5 d6 7. Bg5 a6 8. Na3
b5 9. Nd5 Be7 10. Bxf6 Bxf6 11. c4 O-O 12. Bd3 Qa5+ 13. Qd2 Qxd2+ 14. Kxd2 Bg5+
15. Kc3 bxc4 16. Nxc4 Rd8 17. h4 Bh6 18. Ncb6 Ra7 19. b4 Be6 20. a4 Nd4 21. Bc4
Rb8 22. Rhb1 Rab7 23. Bxa6 Rxb6 24. Nxb6 Rxb6 25. b5 Ne2+ 26. Kd3 Nf4+ 27. Kc2
Bc4 28. Rd1 d5 29. g3 Ne6 30. exd5 Nc5 31. Kc3 Be2 32. Re1 Bf3 33. Bc8 g6 34.
Kc4 Ne4 35. Rxe4 Bxe4 36. a5 Rb8 37. Bd7 Bg7 38. a6 Bd3+ 39. Kxd3 e4+ 40. Kxe4
f5+ 41. Kd3 Bxa1 42. a7 Rd8 43. b6 Be5 44. Bc6 Rb8 45. b7 1-0

[Event "Mistrzostwa Polski Juniorow do lat 18 - Chlopcy"]
[Site "Szklarska Poreba"]
[Date "1899-12-30"]
[Round "2.13"]
[White "Pniaczek, Marek"]
[Black "Chaczynski, Kamil"]
[Result "1-0"]
[WhiteTitle "CM"]
[BlackTitle "I+"]
[WhiteElo "2109"]
[BlackElo "1894"]

1. e4 e6 2. d4 d5 3. Nd2 Nf6 4. e5 Nfd7 5. Bd3 c5 6. c3 Nc6 7. Ne2 cxd4 8. cxd4
f6 9. exf6 Nxf6 10. Nf3 Bd6 11. O-O O-O 12. Bf4 Bxf4 13. Nxf4 Ne4 14. Ne2 Rxf3
15. gxf3 Ng5 16. Kh1 Nxf3 17. Bxh7+ Kh8 18. Ng1 Nh4 19. Qh5 Qf6 20. Bd3+ 1-0

[Event "Mistrzostwa Polski Juniorow do lat 18 - Chlopcy"]
[Site "Szklarska Poreba"]
[Date "1899-12-30"]
[Round "2.14"]
[White "Distel, Pawel"]
[Black "Nowak, Mikolaj"]
[Result "0-1"]
[WhiteTitle "I"]
[BlackTitle "k"]
[WhiteElo "1950"]
[BlackElo "2296"]

1. e4 e5 2. f4 exf4 3. Bc4 Nf6 4. Nc3 Bb4 5. e5 d5 6. exf6 dxc4 7. Qe2+ Be6 8.
fxg7 Rg8 9. Nf3 Nc6 10. a3 Be7 11. d3 cxd3 12. Qxd3 Qxd3 13. cxd3 O-O-O 14. Bxf4
Rxg7 15. O-O Rxd3 16. Rad1 Rxd1 17. Rxd1 Rg8 18. Nb5 Bd8 19. Ne5 Nxe5 20. Bxe5
Bc4 21. Nd4 Re8 22. Bg3 Bf6 23. Bf2 Rd8 24. Rd2 c5 25. Nf3 Rxd2 26. Nxd2 Bd5 27.
Bxc5 b6 28. Bf8 Bxb2 29. Kf2 Kd7 30. g3 Kc6 31. Ke3 Kb5 32. Kd3 Ka4 33. Nb1 Kb3
34. Nd2+ Ka2 35. a4 Bc6 36. a5 bxa5 37. Bc5 a6 38. Kc2 Bd5 39. Bd6 a4 40. Bb4
Bd4 41. Bd6 Bg7 42. Bc5 Bb3+ 43. Kd3 Kb2 44. Nf3 a3 45. Nd4 a2 46. Bb4 Bxd4 47.
Kxd4 0-1

[Event "Mistrzostwa Polski Juniorow do lat 18 - Chlopcy"]
[Site "Szklarska Poreba"]
[Date "1899-12-30"]
[Round "2.15"]
[White "Derylo, Kamil"]
[Black "Dzwierzynski, Bartosz"]
[Result "1/2-1/2"]
[WhiteTitle "I++"]
[BlackTitle "I"]
[WhiteElo "2083"]
[BlackElo "1944"]

1. e4 c5 2. Nf3 d6 3. d4 cxd4 4. Nxd4 Nf6 5. Nc3 g6 6. Be3 Bg7 7. f3 Nc6 8. Qd2
O-O 9. O-O-O d5 10. Nxc6 bxc6 11. Bh6 Qa5 12. Bxg7 Kxg7 13. exd5 cxd5 14. g4 e6
15. h4 Ba6 16. Qd4 Bxf1 17. h5 Qd8 18. Rdxf1 Kg8 19. Qe5 Nd7 20. Qh2 g5 21. f4
Rc8 22. h6 Rc4 23. Qd2 Rxf4 24. Rxf4 gxf4 25. Qxf4 Qf6 26. Qd6 Nb6 27. Kb1 Nc4
28. Qg3 Rc8 29. g5 Qe5 30. Qd3 Rb8 31. b3 Nd6 32. Rg1 Rc8 33. Ne2 Ne4 34. Nd4
Rc3 35. Nf3 Rxd3 36. Nxe5 Re3 37. Kb2 Kf8 38. a4 a6 39. a5 Ke7 40. Nc6+ Kd6 1/2-1/2

[Event "Mistrzostwa Polski Juniorow do lat 18 - Chlopcy"]
[Site "Szklarska Poreba"]
[Date "1899-12-30"]
[Round "2.16"]
[White "Kulesza, Andrzej"]
[Black "Dixa, Oskar"]
[Result "0-1"]
[WhiteTitle "I+"]
[BlackTitle "k"]
[WhiteElo "1928"]
[BlackElo "2052"]

1. e4 e5 2. Nf3 Nc6 3. Bb5 a6 4. Ba4 Nf6 5. O-O Be7 6. Re1 b5 7. Bb3 d6 8. c3 O-O
9. d4 Bg4 10. Be3 exd4 11. cxd4 Na5 12. Bc2 Nc4 13. Bc1 c5 14. b3 Nb6 15. Bb2
Rc8 16. Nbd2 Nfd7 17. Rc1 cxd4 18. h3 Bh5 19. g4 Bg6 20. Nxd4 Bg5 21. Nf5 Ne5
22. Bb1 Bxd2 23. Rxc8 Nxc8 24. Re2 Bf4 25. Rc2 Ne7 26. Ba3 Bxf5 27. exf5 Qa8 28.
Rc3 b4 29. Bxb4 Nd5 0-1

[Event "Mistrzostwa Polski Juniorow do lat 18 - Chlopcy"]
[Site "Szklarska Poreba"]
[Date "1899-12-30"]
[Round "2.17"]
[White "Musial, Tomasz"]
[Black "Bujalski, Mateusz"]
[Result "1/2-1/2"]
[WhiteTitle "k"]
[BlackTitle "I"]
[WhiteElo "2051"]
[BlackElo "1920"]

1. d4 d5 2. c4 c6 3. Nf3 Nf6 4. e3 e6 5. b3 Bd6 6. Bb2 Nbd7 7. Bd3 O-O 8. O-O Re8
9. Nbd2 e5 10. dxe5 Nxe5 11. Nxe5 Bxe5 12. Bxe5 Rxe5 13. Nf3 Rh5 14. Be2 Qd6 15.
cxd5 cxd5 16. h3 Ne4 17. Rc1 Qg6 18. Kh2 Qd6+ 19. Kg1 Qg6 20. Kh2 Qd6+ 21. Kg1
Qg6 1/2-1/2

[Event "Mistrzostwa Polski Juniorow do lat 18 - Chlopcy"]
[Site "Szklarska Poreba"]
[Date "1899-12-30"]
[Round "2.18"]
[White "Golenia, Wojciech"]
[Black "Iwanczuk, Krzysztof"]
[Result "1-0"]
[WhiteTitle "k"]
[BlackTitle "I"]
[WhiteElo "2050"]
[BlackElo "1887"]

1. d4 Nf6 2. c4 g6 3. Nc3 d5 4. e3 Bg7 5. Nf3 O-O 6. Be2 c5 7. O-O cxd4 8. Nxd4
Nc6 9. cxd5 Nxd5 10. Bf3 Nxc3 11. bxc3 Na5 12. Rb1 e5 13. Nb5 Bf5 14. e4 Be6 15.
Ba3 Qxd1 16. Rfxd1 Rfc8 17. Nd6 Rc7 18. Bb4 Nc4 19. Nxc4 Bxc4 20. Bd6 Rd7 21.
Bg4 Be6 22. Bxe6 fxe6 23. Ba3 Rad8 24. Rxd7 Rxd7 25. Kf1 Bf8 26. Bxf8 Kxf8 27.
Rb5 Rc7 28. Ke1 Ke7 29. Kd2 Kd6 30. Kc2 b6 31. f3 g5 32. Rb1 Rf7 33. Rd1+ Kc7
34. h3 h5 35. Rh1 g4 36. fxg4 hxg4 37. Kd3 Rf2 38. h4 Rxg2 39. Ke3 Rg3+ 40. Kf2
Rf3+ 41. Kg2 Rxc3 42. h5 Kd7 43. h6 Rc8 44. Kg3 Ke7 45. Kxg4 Kf6 46. Kh5 Rg8 47.
Rf1+ Ke7 48. h7 Rg2 49. Rh1 1-0

[Event "Mistrzostwa Polski Juniorow do lat 18 - Chlopcy"]
[Site "Szklarska Poreba"]
[Date "1899-12-30"]
[Round "2.19"]
[White "Ossolinski, Ziemowit"]
[Black "Grochol, Kamil"]
[Result "0-1"]
[WhiteTitle "I+"]
[BlackTitle "I+"]
[WhiteElo "1880"]
[BlackElo "2030"]

1. e4 c5 2. Nf3 d6 3. Bb5+ Nc6 4. c3 Nf6 5. e5 dxe5 6. Nxe5 Bd7 7. Bxc6 Bxc6 8.
Nxc6 bxc6 9. O-O e6 10. Qa4 Qd5 11. d4 cxd4 12. cxd4 Qb5 13. Qc2 Nd5 14. Nc3 Qc4
15. Qe4 Be7 16. Nxd5 cxd5 17. Qf4 Bf6 18. Be3 O-O 19. Rfc1 Qb4 20. b3 Rfc8 21.
h3 h6 22. Qg4 Kf8 23. Rab1 Qa3 24. Qe2 Rxc1+ 25. Rxc1 Bxd4 26. Rc7 Qd6 27. Rb7
Bxe3 28. Qxe3 Rc8 29. g3 d4 30. Qf3 Rc7 31. Rb5 d3 32. Rb8+ Ke7 33. Qa8 Qc6 34.
Qxc6 Rxc6 35. Rb4 d2 0-1

[Event "Mistrzostwa Polski Juniorow do lat 18 - Chlopcy"]
[Site "Szklarska Poreba"]
[Date "1899-12-30"]
[Round "2.20"]
[White "Posluszny, Tomasz"]
[Black "Kozlowski, Pawel"]
[Result "1-0"]
[WhiteTitle "I++"]
[BlackTitle "I"]
[WhiteElo "2023"]
[BlackElo "1836"]

1. d4 e6 2. Nf3 f5 3. g3 Nf6 4. Bg2 d5 5. O-O Bd6 6. c4 O-O 7. Ne5 c6 8. Bf4 b6
9. Qc2 Ba6 10. b3 Nh5 11. Bc1 g5 12. Rd1 Bxe5 13. dxe5 Nd7 14. Ba3 Rf7 15. Nc3
Rc8 16. cxd5 cxd5 17. Qb2 Qc7 18. Nxd5 Qxe5 19. Qxe5 Nxe5 20. Ne7+ Rxe7 21. Bxe7
f4 22. Rac1 Re8 23. Bxg5 Bxe2 24. Rd8 Rxd8 25. Bxd8 f3 26. Bh3 Ng7 27. Bf6 Nd3
28. Rc8+ Kf7 29. Bxg7 Kxg7 30. Bxe6 Nc5 31. Bc4 Kg6 32. Bxe2 1-0

[Event "Mistrzostwa Polski Juniorow do lat 18 - Chlopcy"]
[Site "Szklarska Poreba"]
[Date "1899-12-30"]
[Round "3.1"]
[White "Teclaf, Pawel"]
[Black "Pacan-milej, Kosma"]
[Result "1/2-1/2"]
[WhiteTitle "IM"]
[BlackTitle "FM"]
[WhiteElo "2453"]
[BlackElo "2333"]

1. e4 c5 2. Nf3 Nc6 3. d4 cxd4 4. Nxd4 Nf6 5. Nc3 e5 6. Ndb5 d6 7. Bg5 a6 8. Na3
b5 9. Nd5 Be7 10. Nxe7 Qxe7 11. c4 O-O 12. cxb5 Nd4 13. Bd3 Ne6 14. Bh4 g5 15.
Bg3 axb5 16. Nxb5 Ba6 17. Nc3 Qb7 18. Rb1 Bxd3 19. Qxd3 Nc5 20. Qe3 Nfxe4 21.
b4 Nxc3 22. Qxg5+ Kh8 23. Qf6+ Kg8 24. Qg5+ Kh8 25. Qf6+ Kg8 26. Qg5+ Kh8 27.
Qf6+ Kg8 28. Qg5+ Kh8 29. Qf6+ Kg8 30. Qg5+ Kh8 31. Qf6+ 1/2-1/2

[Event "Mistrzostwa Polski Juniorow do lat 18 - Chlopcy"]
[Site "Szklarska Poreba"]
[Date "1899-12-30"]
[Round "3.2"]
[White "Psyk, Radoslaw"]
[Black "Fus, Jakub"]
[Result "0-1"]
[WhiteTitle "k++"]
[BlackTitle "FM"]
[WhiteElo "2343"]
[BlackElo "2357"]

1. e4 c6 2. d4 d5 3. e5 Bf5 4. Nf3 e6 5. Be2 c5 6. O-O Nc6 7. c4 dxc4 8. Bxc4 cxd4
9. Bb5 Bc5 10. Nbd2 Nge7 11. Nb3 Qb6 12. Bxc6+ Nxc6 13. Bg5 h6 14. Bh4 d3 15.
Rc1 Bf8 16. Nbd2 Qxb2 17. Rb1 Qxa2 18. Rxb7 g5 19. Bg3 Bg7 20. Qc1 Nd8 21. Rb2
Qd5 22. Nc4 O-O 23. Ne3 Qd7 24. h4 g4 25. Nh2 Qd4 26. Rd2 h5 27. Nxf5 exf5 28.
Qd1 Ne6 29. Rxd3 Qc4 30. f4 Rfd8 31. Rxd8+ Rxd8 32. Qb1 Nd4 33. Kh1 Ne2 34. Be1
Qe4 35. Qa2 Nxf4 36. Ba5 Rd3 37. Re1 Re3 38. Rxe3 Qxe3 39. Nf1 Qxe5 40. Qd2 Ne6
41. Bb4 f4 42. Qd7 Qe2 43. Qe8+ Kh7 44. Kg1 Bd4+ 45. Kh2 g3+ 46. Nxg3 fxg3+ 47.
Kxg3 Qg4+ 0-1

[Event "Mistrzostwa Polski Juniorow do lat 18 - Chlopcy"]
[Site "Szklarska Poreba"]
[Date "1899-12-30"]
[Round "3.3"]
[White "Mis, Mieszko"]
[Black "Szpar, Milosz"]
[Result "0-1"]
[WhiteTitle "FM"]
[BlackTitle "FM"]
[WhiteElo "2356"]
[BlackElo "2305"]

1. d4 Nf6 2. c4 c5 3. d5 e6 4. Nc3 exd5 5. cxd5 d6 6. Nf3 g6 7. Bf4 a6 8. Nd2 b5
9. a4 b4 10. Nce4 Nh5 11. Be3 f5 12. g4 Ng7 13. gxf5 Nxf5 14. Bf4 Be7 15. e3 O-O
16. Nc4 a5 17. Qd2 Na6 18. Rg1 Bb7 19. O-O-O Nc7 20. Bg2 Ra6 21. Nxc5 dxc5 22.
d6 Nxd6 23. Bxd6 Bxg2 24. Rxg2 Bxd6 25. Nxd6 Qa8 26. e4 Ne6 27. Qh6 Rxd6 28. Rxd6
Qxe4 29. Qe3 Qc4+ 30. Kb1 Nd4 31. Rxd4 cxd4 32. Qe4 Qf1+ 33. Ka2 b3+ 34. Kxb3
Qd1+ 35. Ka2 Qxa4+ 36. Kb1 Qd1+ 37. Ka2 Qa4+ 38. Kb1 Qd7 39. Rg5 Rxf2 40. Rxa5
Rf1+ 41. Ka2 Qf7+ 42. Qd5 Rh1 43. b4 Rxh2+ 44. Kb3 Re2 45. Qxf7+ Kxf7 46. b5 h5
47. b6 Re8 48. Ra7+ Kf6 49. Rc7 Re6 50. b7 Rb6+ 51. Kc4 Rb1 52. Rc6+ Kg7 53. Rc7+
Kh6 54. Kxd4 Kg5 55. Ke4 Kg4 56. Rc6 g5 57. Rc1 Rb4+ 58. Ke5 Rb5+ 59. Kf6 Rb6+
60. Ke5 Rxb7 61. Rg1+ Kh3 62. Rh1+ Kg2 63. Rxh5 g4 64. Kf4 g3 65. Ra5 Rf7+ 66.
Kg4 Rg7+ 67. Kf4 Kg1 68. Kf3 g2 69. Ra1+ Kh2 70. Ra2 Kh1 0-1

[Event "Mistrzostwa Polski Juniorow do lat 18 - Chlopcy"]
[Site "Szklarska Poreba"]
[Date "1899-12-30"]
[Round "3.4"]
[White "Kokoszczynski, Jan"]
[Black "Godzwon, Iwo"]
[Result "1/2-1/2"]
[WhiteTitle "FM"]
[BlackTitle "FM"]
[WhiteElo "2314"]
[BlackElo "2352"]

1. e4 c5 2. Nf3 e6 3. d4 cxd4 4. Nxd4 Nc6 5. Nc3 a6 6. Nxc6 bxc6 7. Bd3 d5 8. O-O
Nf6 9. Re1 Be7 10. e5 Nd7 11. Qg4 Kf8 12. Qg3 Bb7 13. b3 c5 14. Bd2 h5 15. Rad1
g6 16. Na4 Kg7 17. c4 d4 18. Be4 h4 19. Qh3 Bxe4 20. Rxe4 Qc7 21. Rde1 Rh5 22.
f4 a5 23. Qf3 Qb7 24. Nb2 Nb6 25. a4 Nd7 26. Rb1 Ra6 27. Nd3 Rb6 28. Nc1 Rh8 29.
Kf2 Ra6 30. Re1 Qa7 31. Nd3 Rb6 32. Re2 Rhb8 1/2-1/2

[Event "Mistrzostwa Polski Juniorow do lat 18 - Chlopcy"]
[Site "Szklarska Poreba"]
[Date "1899-12-30"]
[Round "3.5"]
[White "Lis, Mateusz"]
[Black "Kosakowski, Jakub"]
[Result "0-1"]
[WhiteTitle "k"]
[BlackTitle "FM"]
[WhiteElo "2036"]
[BlackElo "2413"]

1. e4 c5 2. Nf3 Nc6 3. d4 cxd4 4. Nxd4 g6 5. c4 Bg7 6. Be3 Nf6 7. Nc3 O-O 8. f3
d6 9. Qd2 Bd7 10. Rb1 Nxd4 11. Bxd4 a5 12. b3 Bc6 13. a3 Ne8 14. Be3 f5 15. exf5
gxf5 16. Bd3 Kh8 17. O-O e6 18. Ne2 Qe7 19. Rbe1 Qf7 20. f4 Rg8 21. Nd4 Bxg2 22.
Kxg2 Bxd4+ 23. Kh1 Bxe3 24. Qxe3 Rg6 25. Be2 Nf6 26. Bf3 Rag8 27. Qd4 Qd7 28.
Rd1 Qg7 29. Qf2 e5 30. Bd5 Nxd5 31. cxd5 Rg2 32. Qf3 e4 33. Qh3 e3 34. Rfe1 e2
35. Rc1 Rf2 36. Qg3 Qd4 0-1

[Event "Mistrzostwa Polski Juniorow do lat 18 - Chlopcy"]
[Site "Szklarska Poreba"]
[Date "1899-12-30"]
[Round "3.6"]
[White "Majocha, Piotr"]
[Black "Galuszka, Tomasz"]
[Result "0-1"]
[WhiteTitle "I++"]
[BlackTitle "k+"]
[WhiteElo "1890"]
[BlackElo "2221"]

1. d4 d5 2. c4 c6 3. Nf3 Nf6 4. Nc3 e6 5. e3 Nbd7 6. Qc2 Bd6 7. b3 O-O 8. Be2 Qe7
9. O-O e5 10. cxd5 cxd5 11. Nb5 e4 12. Nd2 Bb4 13. a3 Ba5 14. a4 Bb4 15. Nb1 a6
16. Nc7 Ra7 17. Ba3 Bxa3 18. Rxa3 Nb8 19. Qc5 Qxc5 20. dxc5 Nc6 21. Nc3 Rd8 22.
Rd1 Nb4 23. Bc4 Be6 24. Raa1 Rd7 25. Nxe6 fxe6 26. Be2 Rc7 27. Rac1 Rxc5 28. Nb1
b6 29. Rxc5 bxc5 30. Rc1 Rc7 31. Nd2 Kf7 32. f3 exf3 33. gxf3 Ke7 34. Kf2 Kd6
35. Rd1 Kc6 36. f4 Kb6 37. Bf3 Ka5 38. e4 g6 39. exd5 exd5 40. Kg3 Re7 41. Rc1
Kb6 42. Rc3 Nc6 43. Rd3 Nd4 44. Kf2 Ka5 45. h3 Kb4 46. Kg2 Re1 47. Kf2 Rc1 48.
Re3 Rc2 49. Ke1 Nxf3+ 50. Rxf3 Rc3 51. Rxc3 Kxc3 52. Ke2 Ne4 0-1

[Event "Mistrzostwa Polski Juniorow do lat 18 - Chlopcy"]
[Site "Szklarska Poreba"]
[Date "1899-12-30"]
[Round "3.7"]
[White "Nowak, Mikolaj"]
[Black "Posluszny, Tomasz"]
[Result "1-0"]
[WhiteTitle "k"]
[BlackTitle "I++"]
[WhiteElo "2296"]
[BlackElo "2023"]

1. e4 c5 2. Nf3 e6 3. b3 b6 4. Bb2 Bb7 5. Nc3 Nc6 6. a3 Nd4 7. Bd3 Nf6 8. O-O d6
9. Re1 Be7 10. Nxd4 cxd4 11. Ne2 e5 12. c3 dxc3 13. Bb5+ Kf8 14. Nxc3 a6 15. Bf1
b5 16. d4 Qb6 17. Nd5 Nxd5 18. exd5 f6 19. Qf3 Kg8 20. Rad1 g6 21. Qh3 Bc8 22.
Qe3 Bb7 23. f4 Rd8 24. Kh1 Kg7 25. dxe5 Qxe3 26. Rxe3 dxe5 27. fxe5 Bxd5 28. Red3
Be4 29. exf6+ 1-0

[Event "Mistrzostwa Polski Juniorow do lat 18 - Chlopcy"]
[Site "Szklarska Poreba"]
[Date "1899-12-30"]
[Round "3.8"]
[White "Grochol, Kamil"]
[Black "Polczyk, Mikolaj"]
[Result "0-1"]
[WhiteTitle "I+"]
[BlackTitle "k"]
[WhiteElo "2030"]
[BlackElo "2132"]

1. e4 d5 2. exd5 Nf6 3. d4 Bg4 4. Be2 Bxe2 5. Qxe2 Qxd5 6. Nf3 e6 7. O-O Nc6 8.
Be3 Qh5 9. c4 Bd6 10. Nc3 g5 11. c5 g4 12. cxd6 gxf3 13. Qxf3 Qxf3 14. gxf3 Rg8+
15. Kh1 cxd6 16. Ne4 Nxe4 17. fxe4 d5 18. f3 Rd8 19. Rg1 Kd7 20. Bg5 Rc8 21. Bf6
Rg6 22. Rxg6 hxg6 23. Re1 Nb4 24. a3 Nd3 25. Re3 Nf4 26. Re1 Nd3 27. Re3 Rc1+
28. Kg2 Nf4+ 29. Kf2 Rc2+ 30. Kf1 Rxb2 31. Be5 Ng2 32. Rc3 Rc2 33. Rb3 Kc6 34.
Bg3 g5 35. Kg1 b5 36. a4 bxa4 37. Rb8 Ne3 38. Rc8+ Kb5 39. Rb8+ Kc4 40. Rb7 a3
0-1

[Event "Mistrzostwa Polski Juniorow do lat 18 - Chlopcy"]
[Site "Szklarska Poreba"]
[Date "1899-12-30"]
[Round "3.9"]
[White "Golenia, Jan"]
[Black "Bojczewski, Mateusz"]
[Result "0-1"]
[WhiteTitle "I++"]
[BlackTitle "I+"]
[WhiteElo "2119"]
[BlackElo "1788"]

1. d4 Nf6 2. c4 e6 3. g3 d5 4. Nf3 b6 5. Bg2 Bb7 6. O-O Nbd7 7. Qc2 Bd6 8. Nc3
O-O 9. Rd1 Qe7 10. Nb5 a6 11. Nxd6 cxd6 12. b3 dxc4 13. bxc4 Rfc8 14. Ba3 b5 15.
c5 dxc5 16. dxc5 Be4 17. Qc3 a5 18. Qe3 b4 19. Bb2 Qxc5 20. Rd4 Qc6 21. Rad1 Bd5
22. Qf4 Qc2 23. R4d2 Qc4 24. Bd4 Qb5 25. Ne1 Bxg2 26. Bxf6 Nxf6 27. Nxg2 h6 28.
Ne3 Rc3 29. Rb2 Rac8 30. Kg2 Qb7+ 31. f3 Qb6 32. Rb3 a4 33. Rd6 Qa7 34. Rxc3 Rxc3
35. Ng4 Nxg4 36. Qxg4 Qe3 37. f4 Rc2 38. Kf1 Rc1+ 39. Kg2 Re1 40. Kh3 Qxe2 41.
Qh4 Rh1 0-1

[Event "Mistrzostwa Polski Juniorow do lat 18 - Chlopcy"]
[Site "Szklarska Poreba"]
[Date "1899-12-30"]
[Round "3.10"]
[White "Maciejewski, Kamil"]
[Black "Pniaczek, Marek"]
[Result "0-1"]
[WhiteTitle "I++"]
[BlackTitle "CM"]
[WhiteElo "1791"]
[BlackElo "2109"]

1. Nf3 d5 2. g3 c5 3. Bg2 Nf6 4. O-O e6 5. d3 Be7 6. Nbd2 Nc6 7. e4 O-O 8. e5 Nd7
9. Re1 Qc7 10. Qe2 b5 11. Nf1 a5 12. h4 b4 13. h5 h6 14. Bf4 Ba6 15. Qd2 c4 16.
g4 c3 17. bxc3 bxc3 18. Qc1 Rfb8 19. g5 hxg5 20. Bxg5 Qd8 21. Bxe7 Qxe7 22. h6
g6 23. Qf4 Rb4 24. Qg3 Nd4 25. Nxd4 Rxd4 26. Rab1 Qh4 27. Rb3 Rc8 28. Qe3 Qf4
29. Nh2 Qxe3 30. fxe3 Ra4 31. a3 Nxe5 32. Nf3 Nxf3+ 33. Bxf3 Rc7 34. d4 Kh7 35.
Ra1 Kxh6 36. Kf2 Rac4 37. Rh1+ Kg5 38. Rhb1 R4c6 39. Rg1+ Kf6 40. Rgb1 Rc8 41.
Rh1 Bc4 42. Rb7 Ba6 43. Rb3 Kg7 44. Kg3 Rh8 45. Rhb1 f5 46. Rb6 Rhc8 47. R6b3
g5 48. Rh1 Rh8 49. Rhb1 Kf6 50. Bg2 Ke7 51. Bf3 Kd6 52. Bg2 e5 53. dxe5+ Kxe5
54. Rd1 Rd8 55. Rbb1 Bc4 56. Rb7 Rcd6 57. Re7+ Kf6 58. Ra7 Re8 59. Kf2 Rb8 60.
Rxa5 Rb2 61. Rc1 Bb3 62. Rc5 Bxc2 63. Kg1 Be4 64. Bxe4 dxe4 65. R5xc3 g4 66. Ra1
Rd3 67. Rac1 Rxc3 68. Rxc3 Kg5 69. a4 Ra2 70. Rc4 Kh4 71. Rc5 Kg5 72. a5 g3 73.
Rb5 Kg4 74. Rc5 Kh3 75. Rc1 Rxa5 76. Rf1 Ra2 77. Re1 Rg2+ 78. Kh1 Rh2+ 79. Kg1
g2 80. Kf2 Rh1 81. Rg1 Rxg1 82. Kxg1 f4 83. exf4 e3 84. f5 e2 85. Kf2 g1=Q+ 0-1